Pulp and paper manufacture in Malaya. Part IV. Pulpwood from broad leaved woods of Malayan firests: An assessment of its suitability as the basic raw material of a paper pulp industry (Record no. 47752)

MARC details
000 -LEADER
fixed length control field 00501nam a2200121Ia 4500
100 ## - MAIN ENTRY--AUTHOR NAME
Personal name Peel J D
245 #0 - TITLE STATEMENT
Title Pulp and paper manufacture in Malaya. Part IV. Pulpwood from broad leaved woods of Malayan firests: An assessment of its suitability as the basic raw material of a paper pulp industry
260 ## - PUBLICATION, DISTRIBUTION, ETC. (IMPRINT)
Name of publisher Malayan Forester
Year of publication 1960
300 ## - PHYSICAL DESCRIPTION
Number of Pages 147-174
500 ## - GENERAL NOTE
General note Annotated Bibliography on the Utilization of Rubber Wood. No.21, RRIM
942 ## - ADDED ENTRY ELEMENTS (KOHA)
Koha item type Bibliography RLWO
Holdings
Withdrawn status Lost status Damaged status Not for loan Home library Current library Date acquired Serial Enumeration / chronology Koha item type
      Bibliography RRII Library RRII Library 31/12/2021 Volume 23, Issue 3 Bibliography RLWO